| 000 | 00385nam a22001697a 4500 | ||
|---|---|---|---|
| 003 | SGT | ||
| 020 | _a9789389702514 | ||
| 082 |
_a617.8 _bH19K |
||
| 100 | _aKSTZ, JACK | ||
| 245 | _aHB. OF CLINICAL AUDIOLOGY | ||
| 250 | _a7TH | ||
| 260 |
_aPHILADELPHIA _bWOLTERS KLUWER PUB _c2019 |
||
| 300 | _a927 | ||
| 650 | _aAUDIOLOGY | ||
| 653 | _aHB. OF CLINICAL AUDIOLOGY | ||
| 942 |
_2ddc _cBK |
||
| 999 |
_c22973 _d22973 |
||